|
|
|
|
| LEADER |
00000nab a2200000 a 4500 |
| 001 |
vtls009356617 |
| 003 |
SK-MaSNL |
| 005 |
20260303044632.0 |
| 008 |
081104c2008 xo r m 000 00slo |
| 015 |
|
|
|a SNBRA2008/11SVKPO
|
| 038 |
|
|
|a SVKPO
|
| 040 |
|
|
|a SVKPOCL
|c slo
|e AACR2
|
| 041 |
0 |
|
|a slo
|
| 044 |
|
|
|a xo
|c SK
|
| 080 |
|
|
|a 821.161.1:371.3
|2 2001
|
| 080 |
|
|
|a 371.3
|2 2001
|
| 100 |
1 |
|
|a Baževa, Natalia
|4 aut
|9 1033953
|
| 245 |
1 |
0 |
|a K voprosu o novom pročteniji chrestomatijnych proizvedenij
|c Natal'ja Baževa
|
| 504 |
|
|
|a Bibliogr. odkazy
|
| 546 |
|
|
|a Res. angl.
|
| 650 |
0 |
7 |
|a ruská literatúra
|2 svkpocl
|9 1204
|
| 650 |
0 |
7 |
|a vyučovanie
|2 svkpocl
|9 1522
|
| 773 |
0 |
|
|t Hľadanie ekvivalentností III : zborník príspevkov z medzinárodnej konferencie rusistov, ktorá sa konala dňa 21. až 23. septembra v Prešove
|d Prešov : Prešovská univerzita, 2007
|g S. 476-481
|z 9788080686215
|
| 852 |
|
|
|a SVKPO
|b KIS3GCP
|
| 958 |
|
|
|a SK
|
| 958 |
|
|
|a NB
|
| 958 |
|
|
|a LX
|
| 958 |
|
|
|a RU
|
| 999 |
|
|
|c 1701021
|d 1702951
|